| Tag |
First Indicator |
Second Indicator |
Subfields |
| LEADER |
00000cam a2200000 4500 |
| 001 |
in00000769708 |
| 005 |
20151017050401.0 |
| 008 |
760701s1953 xx a 00000 engo |
| 010 |
|
|
|a a 62005444
|
| 035 |
|
|
|a (OCoLC)02293760
|
| 035 |
|
|
|9 ADK0340AM
|
| 040 |
|
|
|a DLC
|c TXA
|d TXA
|d UtOrBLW
|
| 049 |
|
|
|a TXAM
|c [A11196730]
|
| 050 |
1 |
0 |
|a GV1796
|b .R8 L8
|
| 082 |
0 |
|
|a 793.33
|
| 100 |
1 |
|
|a Luis, Robert.
|
| 245 |
1 |
4 |
|a The Cuban dancer's bible :
|b ?rumba, mambo?
|
| 264 |
|
1 |
|a [Place of publication not identified],
|b [publisher not identified] ;
|c [1953]
|
| 264 |
|
4 |
|c [©1953]
|
| 300 |
|
|
|a 20 pages :
|b illustrations ;
|c 30 cm.
|
| 336 |
|
|
|a text
|b txt
|2 rdacontent
|
| 337 |
|
|
|a unmediated
|b n
|2 rdamedia
|
| 338 |
|
|
|a volume
|b nc
|2 rdacarrier
|
| 500 |
|
|
|a Cover title.
|
| 650 |
|
0 |
|a Rumba (Dance)
|
| 650 |
|
0 |
|a Mambo (Dance)
|
| 999 |
|
|
|a MARS
|
| 999 |
f |
f |
|s e55e2e1c-ad08-3342-8b97-359c4f095860
|i c5d684bc-a1ce-34ad-8832-71116bada9c2
|t 0
|
| 952 |
f |
f |
|p ric
|a Texas A&M University
|b Rellis Campus
|c Joint Library Facility
|d Remote Storage
|t 0
|e GV1796 R8L8
|h Library of Congress classification
|i unmediated -- volume
|m A14811196730
|
| 998 |
f |
f |
|a GV1796 R8L8
|t 0
|l Remote Storage
|